Přehled příkazů a programů systému Novell NetWare v 2.20

Na minha lista:
Detalhes bibliográficos
Autor principal: Pospíšil, Josef
Formato: Livro
Idioma:tcheco
Publicado em: Pardubice SystemConsult 1992
Edição:1. vyd.
Assuntos:
Tags: Adicionar Tag
Sem tags, seja o primeiro a adicionar uma tag!

MARC

LEADER 00000nam a2200000 4500
001 c001727
005 20221214090446.4
020 |a 80-900344-5-4 
041 0 |a cze 
044 |a CZ 
245 1 0 |a Přehled příkazů a programů systému Novell NetWare v 2.20  |c Josef Pospíšil 
250 |a 1. vyd. 
264 1 |a Pardubice  |b SystemConsult  |c 1992 
300 |a 55 s. 
610 2 0 |a programy počítačové 
610 2 0 |a siete počítačové 
610 2 0 |a Novell NetWare v 2.20 
100 1 |a Pospíšil, Josef